Front matter (notice n° 1818667)
[ vue normale ]
| 000 -LEADER | |
|---|---|
| fixed length control field | 00504cam a2200157 4500500 |
| 005 - DATE AND TIME OF LATEST TRANSACTION | |
| control field | 20260329002819.0 |
| 041 ## - LANGUAGE CODE | |
| Language code of text/sound track or separate title | fre |
| 042 ## - AUTHENTICATION CODE | |
| Authentication code | dc |
| 100 10 - MAIN ENTRY--PERSONAL NAME | |
| Personal name | Cussó, Roser |
| Relator term | author |
| 245 00 - TITLE STATEMENT | |
| Title | Front matter |
| 260 ## - PUBLICATION, DISTRIBUTION, ETC. | |
| Date of publication, distribution, etc. | 2025.<br/> |
| 500 ## - GENERAL NOTE | |
| General note | 5 |
| 700 10 - ADDED ENTRY--PERSONAL NAME | |
| Personal name | Porta, J. |
| Relator term | author |
| 786 0# - DATA SOURCE ENTRY | |
| Note | Histoire, Europe et relations internationales | - | 2 | 2025-12-15 | p. 2-5 |
| 856 41 - ELECTRONIC LOCATION AND ACCESS | |
| Uniform Resource Identifier | <a href="https://shs.cairn.info/journal-histoire-europe-et-relations-internationales-2025-2-page-2?lang=en&redirect-ssocas=7080">https://shs.cairn.info/journal-histoire-europe-et-relations-internationales-2025-2-page-2?lang=en&redirect-ssocas=7080</a> |
Pas d'exemplaire disponible.




Réseaux sociaux